Open Space (Record no. 1492)

MARC details
000 -LEADER
campo de control de longitud fija 00465nam a22001337a 4500
008 - DATOS DE LONGITUD FIJA--INFORMACIÓN GENERAL
campo de control de longitud fija 180608b xxu||||| |||| 00| 0 eng d
020 ## - NÚMERO INTERNACIONAL ESTÁNDAR DEL LIBRO
Número Internacional Estándar del Libro 2906087092
082 ## - NÚMERO DE LA CLASIFICACIÓN DECIMAL DEWEY
Número de clasificación 735.23
Número de ítem G671o
100 ## - ENTRADA PRINCIPAL--NOMBRE DE PERSONA
Nombre de persona Antony Gormley
9 (RLIN) 6389
245 ## - MENCIÓN DEL TÍTULO
Título Open Space
Resto del título Ville de Rennes
260 ## - PUBLICACIÓN, DISTRIBUCIÓN, ETC.
Lugar de publicación, distribución, etc. Francia
Nombre del editor, distribuidor, etc. Calligraphy-Print à Rennes
Fecha de publicación, distribución, etc. 1994
300 ## - DESCRIPCIÓN FÍSICA
Extensión 44 p.
Otras características físicas ill.
Dimensiones 31 cm.
650 ## - PUNTO DE ACCESO ADICIONAL DE MATERIA--TÉRMINO DE MATERIA
Fuente del encabezamiento o término Arte contemporáneo
Subdivisión general Escultura
-- Escultura - entrevista
Subdivisión cronológica Escultura - Siglo XX
Subdivisión geográfica Escultura - Gran Bretaña
9 (RLIN) 6390
Holdings
Estatus retirado Estado de pérdida Fuente del sistema de clasificación o colocación Estado de daño No para préstamo Biblioteca de origen Biblioteca actual Ubicación en estantería Fecha de adquisición Total de préstamos Signatura topográfica completa Código de barras Visto por última vez Precio de reemplazo Tipo de ítem Koha
    Clasificación Decimal Dewey     Biblioteca LadoV Biblioteca LadoV   08/06/2018   735.23 G671o 000992 08/06/2018 08/06/2018 Material 01